| 000 | 00582nam a22001817a 4500 | ||
|---|---|---|---|
| 005 | 20251108165422.0 | ||
| 008 | 250721s1988 xx 000 0 ara d | ||
| 082 | 1 | 4 | _a213.4/نسا |
| 100 | 1 | _aالنسائي، أحمد بن شعيب | |
| 245 | 1 | 0 | _aصحيح سنن النسائي بإختصار السند / |
| 264 | 1 |
_aبيروت : _bالمكتب الإسلامي، _c1988. |
|
| 300 | _a3ج | ||
| 650 | 1 | 7 | _aالإسلام |
| 650 | 1 | 7 | _aالحديث الشريف |
| 700 | 1 |
_aالألباني، محمد ناصرالدين _eتصحيح |
|
| 942 |
_2ddc _cREF |
||
| 999 |
_c27463 _d27463 |
||